000 00258nam a2200109Ia 4500
008 190216s9999||||xx |||||||||||||| ||und||
100 _aBrooke Worth
245 0 _aMalayalam-Jeevikalude Prakrithi
260 _bCurrent Books
650 _aPadanam
942 _cBK
999 _c24414
_d24414